000 00341pab a2200133 454500
008 180718b xxu||||| |||| 00| 0 eng d
100 _aKrishnan, T.N.
245 _aPlanning and Population growth in India
650 _a Family PLanning
650 _a Birth Control
650 _aPopulation - Growth - India
773 _aLink
909 _a23855
999 _c23855
_d23855